000 00972nam a22003497a 4500
001 BR0703114
003 BR-BrBNA
005 20230928102502.0
007 ta
008 230509b bl.||||| |||| 00| 0 por d
040 _aBR-BrBNA
_bpor
_cBiblioteca Nacional de Agricultura
041 _a(Por)
072 _aE14; E11
090 _ E14 BR0703114
100 1 _aOdorico, J.W. de S.(coord.)
100 1 _aSérvio, M.T. da S.(coord.)
100 1 _aMatos, T.C.C.(coord.)
245 1 _aPlano de reforma agrária do Estado do Piauí - 2003/2010 - PRRA
260 3 _aTeresina, PI (Brasil):
_c2005.
300 _a58 p.
500 _a27 tables; 7 illus.
650 _aREFORMA AGRÁRIA
650 _aESTATUTO DA TERRA
650 _aASSENTAMENTO
650 _aPOLÍTICA AGRÍCOLA
650 _aLEGISLAÇÃO AGRÁRIA
650 _aCRÉDITO
650 _aPROJETO DE DESENVOLVIMENTO
650 _aPIAUÍ
909 _a202309
_bLucia
_c55
_dLucia Elande
942 _cBK
999 _c71002
_d71002